000 01336nam0a2200313 i 4500
001 RU\NLR\BIBL_A\010755074
005 20240921221832.0
010 _a9785885911672
_9100
021 _aRU
_b2015-24619
_91457
035 _a(NILC)RuMoRGB-007901324
035 _a(NLR Aleph) 010755074
090 _a9958461
_c9958461
100 _a20150518d2014 km y0rusy50 ca
101 0 _arus
102 _aRU
105 _ay|||z|||000yy
200 1 _aКонституционная ответственность в Российской Федерации
_eмонография
_fО. В. Гороховцев, А. Ш. Бибиев
_gВоронежский ин-т МВД России
210 _aВоронеж
_cВоронежский институт МВД России
_d2014
215 _a91 с.
_d20
320 _aБиблиогр.: с. 81-91 и в подстроч. примеч.
606 1 _aОтветственность в конституционном праве
_yРоссийская Федерация
_92431461
_3RU\NLR\AUTH\661447201
686 1 _aХ620
700 1 _aГороховцев
_bО. В.
_gОлег Викторович
701 1 _aБибиев
_bА. Ш.
_gАхмед Шайхиевич
801 0 _aRU
_bРГБ
_c20150331
_gRCR
942 _cBOOK
980 _aNBR